[Event "DSJ Weihnachtsturnier U16: Steinitz 2020"]
[Site ""]
[Date "2020.12.28"]
[Round "6"]
[White "Müller, Fabian"]
[Black "Sell, Eero"]
[Result "1/2-1/2"]
[Termination "normal"]
[Board "3.3"]
[WhiteElo "1205"]
[BlackElo "1766"]
[WhiteTeam "SGem Aschheim/Feldkirchen/Kirchheim"]
[BlackTeam "SchVgg Blankenese von 1923"]
[PlyCount "149"]
[WhiteFideId "34607846"]
[BlackFideId "34606041"]
[EventRounds "7"]
[EventType "team-swiss"]
[EventDate "2020.12.28"]

1. d4 {[%emt 0:00:00] Blanken1-003 reconnected.} g6 {[%emt 0:00:45]} 2. Bf4 {
[%emt 0:00:07]} Bg7 {[%emt 0:00:07]} 3. Nf3 {[%emt 0:00:04]} c5 {[%emt 0:00:06]
} 4. c3 {[%emt 0:00:03]} Qb6 {[%emt 0:00:18]} 5. Qb3 {[%emt 0:00:12]} Nc6 {
[%emt 0:00:15]} 6. dxc5 {[%emt 0:00:11]} Qxc5 {[%emt 0:00:06]} 7. e3 {[%emt
0:00:11]} Nf6 {[%emt 0:00:11]} 8. Qc4 {[%emt 0:00:13]} Qb6 {[%emt 0:00:18]} 9.
Qb5 {[%emt 0:00:06]} O-O {[%emt 0:00:10]} 10. Qxb6 {[%emt 0:00:17]} axb6 {
[%emt 0:00:02]} 11. Bd3 {[%emt 0:00:06]} Nd5 {[%emt 0:00:15]} 12. Bg3 {[%emt
0:00:10]} d6 {[%emt 0:00:43]} 13. O-O {[%emt 0:00:05]} Nf6 {[%emt 0:00:23]} 14.
Nbd2 {[%emt 0:00:07]} Be6 {[%emt 0:00:02]} 15. a3 {[%emt 0:00:05]} Rfc8 { [%emt
0:00:49]} 16. Nd4 {[%emt 0:00:04]} Bd7 {[%emt 0:00:11]} 17. Nc4 {[%emt
0:00:31]} Nd5 {[%emt 0:01:07]} 18. Nxc6 {[%emt 0:00:57]} Rxc6 {[%emt 0:00:18]}
19. e4 {[%emt 0:00:11]} Nf6 {[%emt 0:00:08]} 20. Nd2 {[%emt 0:00:23]} Be6 {
[%emt 0:00:33]} 21. Nf3 {[%emt 0:00:11]} Nd7 {[%emt 0:00:06]} 22. Rfe1 { [%emt
0:00:08]} Rcc8 {[%emt 0:00:38]} 23. e5 {[%emt 0:00:13]} dxe5 {[%emt 0:00:14]}
24. Nxe5 {[%emt 0:00:00]} Nc5 {[%emt 0:00:10]} 25. Bc2 {[%emt 0:00:23]} Rd8
{[%emt 0:00:18]} 26. Rad1 {[%emt 0:00:13]} Bb3 {[%emt 0:01:00]} 27. Bxb3 {
[%emt 0:00:25]} Nxb3 {[%emt 0:00:02]} 28. Rd7 {[%emt 0:00:25]} Bxe5 {[%emt
0:00:20]} 29. Rxd8+ {[%emt 0:00:09]} Rxd8 {[%emt 0:00:02]} 30. Bxe5 {[%emt
0:00:08]} Rd2 {[%emt 0:00:02]} 31. c4 {[%emt 0:00:11]} Nc5 {[%emt 0:00:04]} 32.
h3 { [%emt 0:00:29]} Nd3 {[%emt 0:00:05]} 33. Re3 {[%emt 0:00:42]} Nxe5 {[%emt
0:00:26]} 34. Rxe5 {[%emt 0:00:04]} Rxb2 {[%emt 0:00:02]} 35. Rxe7 {[%emt
0:00:01]} Rc2 {[%emt 0:00:18]} 36. Rxb7 {[%emt 0:00:02]} Rxc4 {[%emt 0:00:02]}
37. Rxb6 { [%emt 0:00:01]} Ra4 {[%emt 0:00:02]} 38. Rb3 {[%emt 0:00:01]} Kf8
{[%emt 0:00:02]} 39. Re3 {[%emt 0:00:05]} Kg7 {[%emt 0:00:14]} 40. Kf1 {[%emt
0:00:01]} Kf6 {[%emt 0:00:02]} 41. Ke2 {[%emt 0:00:01]} Ra8 {[%emt 0:00:18]}
42. Kd2 { [%emt 0:00:11]} Rd8+ {[%emt 0:00:01]} 43. Rd3 {[%emt 0:00:02]} Ra8
{[%emt 0:00:02]} 44. Kc2 {[%emt 0:00:02]} Rc8+ {[%emt 0:00:02]} 45. Kb2 {[%emt
0:00:03]} Rb8+ {[%emt 0:00:01]} 46. Ka2 {[%emt 0:00:02]} Ra8 {[%emt 0:00:02]}
47. Re3 { [%emt 0:00:03]} Kf5 {[%emt 0:00:04]} 48. f3 {[%emt 0:00:03]} Kf4
{[%emt 0:00:01]} 49. Re7 {[%emt 0:00:04]} Kg3 {[%emt 0:00:02]} 50. Rxf7 {[%emt
0:00:01]} Kxg2 {[%emt 0:00:01]} 51. Rxh7 {[%emt 0:00:01]} Kxf3 {[%emt 0:00:01]}
52. Rg7 { [%emt 0:00:02]} Kg3 {[%emt 0:00:01]} 53. Rxg6+ {[%emt 0:00:01]} Kxh3
{[%emt 0:00:01]} 54. Rb6 {[%emt 0:00:01]} Kg4 {[%emt 0:00:02]} 55. Rb4+ {[%emt
0:00:01]} Kf5 {[%emt 0:00:02]} 56. a4 {[%emt 0:00:01]} Ke6 {[%emt 0:00:02]} 57.
Kb3 { [%emt 0:00:01]} Kd6 {[%emt 0:00:02]} 58. Rb5 {[%emt 0:00:01]} Kc6 {[%emt
0:00:01]} 59. Kb4 {[%emt 0:00:03]} Kc7 {[%emt 0:00:02]} 60. a5 {[%emt 0:00:04]}
Rb8 {[%emt 0:00:01]} 61. Rxb8 {[%emt 0:00:07]} Kxb8 {[%emt 0:00:01]} 62. Kb5 {
[%emt 0:00:01]} Kb7 {[%emt 0:00:02]} 63. Ka4 {[%emt 0:00:05]} Ka6 {[%emt
0:00:02]} 64. Kb4 {[%emt 0:00:01]} Ka7 {[%emt 0:00:02]} 65. Kb5 {[%emt
0:00:01]} Kb7 {[%emt 0:00:02]} 66. a6+ {[%emt 0:00:01]} Ka7 {[%emt 0:00:02]}
67. Ka5 { [%emt 0:00:01]} Ka8 {[%emt 0:00:01]} 68. Kb6 {[%emt 0:00:01]} Kb8
{[%emt 0:00:01]} 69. Ka5 {[%emt 0:00:05]} Ka7 {[%emt 0:00:02]} 70. Kb5 {[%emt
0:00:01]} Ka8 {[%emt 0:00:01]} 71. Kb6 {[%emt 0:00:03]} Kb8 {[%emt 0:00:02]}
72. Kc5 { [%emt 0:00:05]} Ka7 {[%emt 0:00:03]} 73. Kb5 {[%emt 0:00:01]} Ka8
{[%emt 0:00:01]} 74. Ka5 {[%emt 0:00:03]} Ka7 {[%emt 0:00:02]} 75. Kb5 {[%emt
0:00:02]} 1/2-1/2

[Event "DSJ Weihnachtsturnier U16: Steinitz 2020"]
[Site ""]
[Date "2020.12.28"]
[Round "6"]
[White "Tao, Alexander"]
[Black "El Sewisy, Aiman"]
[Result "0-1"]
[Termination "normal"]
[Board "3.4"]
[WhiteElo "1630"]
[BlackElo "1039"]
[WhiteTeam "SchVgg Blankenese von 1923"]
[BlackTeam "SGem Aschheim/Feldkirchen/Kirchheim"]
[PlyCount "78"]
[WhiteFideId "34606033"]
[BlackFideId "34607803"]
[EventRounds "7"]
[EventType "team-swiss"]
[EventDate "2020.12.28"]

1. e4 {[%emt 0:00:09]} c5 {[%emt 0:00:01] Blanken1-004 reconnected.} 2. Nc3 {
[%emt 0:00:34]} Nc6 {[%emt 0:00:18]} 3. f4 {[%emt 0:00:03]} d6 {[%emt 0:01:01]}
4. Nf3 {[%emt 0:00:04]} g6 {[%emt 0:00:26]} 5. Bc4 {[%emt 0:00:08]} Bg7 { [%emt
0:00:03]} 6. d3 {[%emt 0:00:02]} Nf6 {[%emt 0:00:02]} 7. O-O {[%emt 0:00:02]}
O-O {[%emt 0:00:05]} 8. Kh1 {[%emt 0:00:02]} a6 {[%emt 0:00:45]} 9. a4 { [%emt
0:00:04]} Bd7 {[%emt 0:00:12]} 10. Qe1 {[%emt 0:00:03]} Ne8 {[%emt 0:00:53]}
11. Qg3 {[%emt 0:00:45]} Nd4 {[%emt 0:00:25]} 12. Nxd4 {[%emt 0:00:05]} Bxd4
{[%emt 0:00:02]} 13. Ne2 {[%emt 0:00:13]} Bg7 {[%emt 0:00:11]} 14. c3 { [%emt
0:00:04]} Nc7 {[%emt 0:01:09]} 15. f5 {[%emt 0:00:14]} b5 {[%emt 0:00:39] } 16.
Bb3 {[%emt 0:00:47]} bxa4 {[%emt 0:00:47]} 17. Bxa4 {[%emt 0:00:12]} Bxa4
{[%emt 0:00:02]} 18. Rxa4 {[%emt 0:00:02]} Qd7 {[%emt 0:00:24]} 19. Ra1 { [%emt
0:00:10]} a5 {[%emt 0:00:22]} 20. Bg5 {[%emt 0:00:51]} Rab8 {[%emt 0:01:13]}
21. f6 {[%emt 0:01:16]} exf6 {[%emt 0:00:07]} 22. Bxf6 {[%emt 0:00:08]} Rxb2
{[%emt 0:00:09]} 23. Bxg7 {[%emt 0:00:14]} Kxg7 {[%emt 0:00:04]} 24. Qf3 {
[%emt 0:00:19]} a4 {[%emt 0:00:03]} 25. Qf6+ {[%emt 0:00:11]} Kg8 {[%emt
0:00:01]} 26. Ng3 {[%emt 0:00:19]} Ne8 {[%emt 0:00:11]} 27. Qf4 {[%emt
0:00:32]} Ng7 {[%emt 0:00:04]} 28. Ra3 {[%emt 0:00:09]} d5 {[%emt 0:00:13]} 29.
c4 {[%emt 0:01:17]} dxc4 {[%emt 0:00:10]} 30. dxc4 {[%emt 0:00:04]} Ne6 {[%emt
0:00:08]} 31. Qe5 {[%emt 0:00:27]} Qd2 {[%emt 0:00:06]} 32. Rg1 {[%emt
0:00:21]} Qb4 { [%emt 0:00:18]} 33. Qc3 {[%emt 0:00:31]} Qxc3 {[%emt 0:00:04]}
34. Rxc3 { [%emt 0:00:02]} Ra8 {[%emt 0:00:01]} 35. Ra3 {[%emt 0:00:12]} Nd4
{[%emt 0:00:06]} 36. h4 {[%emt 0:00:16]} Nc2 {[%emt 0:00:06]} 37. Raa1 {[%emt
0:00:21]} Nxa1 {[%emt 0:00:02]} 38. Rxa1 {[%emt 0:00:02]} a3 {[%emt 0:00:01]}
39. Nf1 { [%emt 0:00:01]} a2 {[%emt 0:00:01]} 0-1

[Event "DSJ Weihnachtsturnier U16: Steinitz 2020"]
[Site ""]
[Date "2020.12.28"]
[Round "6"]
[White "Colbow, Collin"]
[Black "Eilenberg, Jonas"]
[Result "1-0"]
[Termination "normal"]
[Board "4.1"]
[WhiteTitle "FM"]
[WhiteElo "2339"]
[BlackElo "2155"]
[WhiteTeam "SV Werder Bremen"]
[BlackTeam "SV Königsjäger Süd-West"]
[PlyCount "85"]
[WhiteFideId "16201132"]
[BlackFideId "16204271"]
[EventRounds "7"]
[EventType "team-swiss"]
[EventDate "2020.12.28"]

1. e4 {[%emt 0:00:08]} e6 {[%emt 0:00:05]} 2. d4 {[%emt 0:00:07]} d5 {[%emt
0:00:02]} 3. Nd2 {[%emt 0:00:09]} Be7 {[%emt 0:00:01]} 4. Bd3 {[%emt 0:00:06]}
c5 {[%emt 0:00:04]} 5. dxc5 {[%emt 0:00:00]} Nf6 {[%emt 0:00:17]} 6. Qe2 {[%emt
0:00:03]} dxe4 {[%emt 0:00:06]} 7. Nxe4 {[%emt 0:00:07]} Nxe4 {[%emt 0:00:02]}
8. Qxe4 {[%emt 0:00:47]} Bxc5 {[%emt 0:00:08]} 9. Nf3 {[%emt 0:00:06]} Nc6 {
[%emt 0:00:39]} 10. Bf4 {[%emt 0:00:49]} f5 {[%emt 0:00:31]} 11. Qc4 {[%emt
0:00:33]} Qb6 {[%emt 0:00:29]} 12. O-O-O {[%emt 0:00:26]} O-O {[%emt 0:00:16]}
13. Ng5 {[%emt 0:01:35]} Na5 {[%emt 0:00:40]} 14. Qb5 {[%emt 0:00:32]} Bxf2 {
[%emt 0:00:55]} 15. Qxb6 {[%emt 0:01:01]} axb6 {[%emt 0:00:33]} 16. Rhf1 {
[%emt 0:00:09]} Bc5 {[%emt 0:00:05]} 17. Rfe1 {[%emt 0:00:08]} Nc6 {[%emt
0:00:53]} 18. Bc4 {[%emt 0:00:06]} h6 {[%emt 0:00:33]} 19. Nxe6 {[%emt
0:00:22]} Bxe6 {[%emt 0:00:09]} 20. Bxe6+ {[%emt 0:00:17]} Kh8 {[%emt 0:00:02]}
21. c3 { [%emt 0:00:14]} g5 {[%emt 0:01:21]} 22. Bd6 {[%emt 0:00:28]} Bxd6
{[%emt 0:00:17]} 23. Rxd6 {[%emt 0:00:00]} Rad8 {[%emt 0:00:24]} 24. Rxd8
{[%emt 0:00:24]} Nxd8 {[%emt 0:00:00]} 25. Bxf5 {[%emt 0:00:04]} Rxf5 {[%emt
0:00:01]} 26. Re8+ {[%emt 0:00:01]} Kg7 {[%emt 0:00:21]} 27. Rxd8 {[%emt
0:00:01]} Kg6 {[%emt 0:00:40]} 28. Kc2 {[%emt 0:00:06]} Kh5 {[%emt 0:00:15]}
29. b4 {[%emt 0:00:04]} Kg4 {[%emt 0:00:13]} 30. Rd4+ {[%emt 0:00:03]} Rf4
{[%emt 0:00:33]} 31. Kd3 { [%emt 0:00:19]} Kf5 {[%emt 0:00:19]} 32. Rxf4+
{[%emt 0:00:02]} Kxf4 {[%emt 0:00:02]} 33. Kd4 {[%emt 0:00:16]} h5 {[%emt
0:00:02]} 34. c4 {[%emt 0:00:05]} g4 {[%emt 0:00:02]} 35. a4 {[%emt 0:00:15]}
h4 {[%emt 0:00:03]} 36. c5 {[%emt 0:00:01]} bxc5+ {[%emt 0:00:01]} 37. bxc5
{[%emt 0:00:00]} h3 {[%emt 0:00:02]} 38. g3+ {[%emt 0:00:01]} Kf3 {[%emt
0:00:01]} 39. a5 {[%emt 0:00:02]} Kg2 { [%emt 0:00:01]} 40. Ke3 {[%emt
0:00:01]} Kxh2 {[%emt 0:00:03]} 41. Kf2 { [%emt 0:00:01]} Kh1 {[%emt 0:00:01]}
42. a6 {[%emt 0:00:03]} h2 {[%emt 0:00:04] } 43. a7 {[%emt 0:00:04] Sued-W1001
resigns} 1-0

[Event "DSJ Weihnachtsturnier U16: Steinitz 2020"]
[Site ""]
[Date "2020.12.28"]
[Round "6"]
[White "Rose, Daniel"]
[Black "Helms, Finn"]
[Result "0-1"]
[Termination "normal"]
[Board "4.2"]
[WhiteElo "1816"]
[BlackElo "1934"]
[WhiteTeam "SV Königsjäger Süd-West"]
[BlackTeam "SV Werder Bremen"]
[PlyCount "80"]
[WhiteFideId "16242963"]
[BlackFideId "16249143"]
[EventRounds "7"]
[EventType "team-swiss"]
[EventDate "2020.12.28"]

1. d4 {[%emt 0:00:05]} Nf6 {[%emt 0:00:13]} 2. c4 {[%emt 0:00:02]} g6 {[%emt
0:00:01]} 3. Nc3 {[%emt 0:00:06]} Bg7 {[%emt 0:00:00]} 4. e4 {[%emt 0:00:03]}
d6 {[%emt 0:00:01]} 5. Bd3 {[%emt 0:00:57]} O-O {[%emt 0:00:07]} 6. Nge2 {[%emt
0:00:02]} e5 {[%emt 0:00:05]} 7. d5 {[%emt 0:00:01]} c6 {[%emt 0:00:02]} 8. f3
{ [%emt 0:00:02]} Nbd7 {[%emt 0:00:02]} 9. O-O {[%emt 0:00:03]} Nc5 {[%emt
0:00:02]} 10. b4 {[%emt 0:00:11]} Nxd3 {[%emt 0:00:03]} 11. Qxd3 {[%emt
0:00:02]} Qb6+ {[%emt 0:00:02]} 12. Be3 {[%emt 0:00:05]} Qxb4 {[%emt 0:00:09]}
13. Rfb1 { [%emt 0:00:03]} Qa3 {[%emt 0:00:04]} 14. Rb3 {[%emt 0:00:07]} Qa6
{[%emt 0:00:03]} 15. Na4 {[%emt 0:00:32]} cxd5 {[%emt 0:00:26]} 16. Nb2 {[%emt
0:00:25]} dxc4 {[%emt 0:00:15]} 17. Nxc4 {[%emt 0:00:01]} Be6 {[%emt 0:00:03]}
18. Rc3 { [%emt 0:00:04]} Rfd8 {[%emt 0:00:33]} 19. Rd1 {[%emt 0:00:17]} d5
{[%emt 0:00:07]} 20. Nxe5 {[%emt 0:00:14]} Qxa2 {[%emt 0:01:28]} 21. Ra3 {[%emt
0:00:31]} Qb2 {[%emt 0:00:08]} 22. Bd4 {[%emt 0:00:06]} Qb4 {[%emt 0:00:07]}
23. Rb1 { [%emt 0:00:09]} Qd6 {[%emt 0:00:16]} 24. Rxb7 {[%emt 0:00:33]} dxe4
{[%emt 0:00:10]} 25. fxe4 {[%emt 0:00:08]} Nxe4 {[%emt 0:00:31]} 26. Qxe4
{[%emt 0:00:13]} Bd5 {[%emt 0:00:30]} 27. Qf4 {[%emt 0:00:16]} Bxb7 {[%emt
0:00:08]} 28. Qxf7+ {[%emt 0:00:02]} Kh8 {[%emt 0:00:01]} 29. Nxg6+ {[%emt
0:00:01]} Qxg6 { [%emt 0:00:02]} 30. Qxb7 {[%emt 0:00:07]} Bxd4+ {[%emt
0:00:14]} 31. Nxd4 { [%emt 0:00:03]} Qb6 {[%emt 0:00:13]} 32. Qxb6 {[%emt
0:00:06]} axb6 {[%emt 0:00:00] Sued-W1002 offers a draw} 33. Rxa8 {[%emt
0:00:05]} Rxa8 {[%emt 0:00:01] } 34. Kf2 {[%emt 0:00:01]} Kg7 {[%emt 0:00:05]}
35. Ke3 {[%emt 0:00:05]} Ra2 { [%emt 0:00:05]} 36. Kf3 {[%emt 0:00:06]} Kf6
{[%emt 0:00:07]} 37. h4 {[%emt 0:00:06]} Ke5 {[%emt 0:00:03]} 38. Nc6+ {[%emt
0:00:05]} Kd6 {[%emt 0:00:08]} 39. Nb4 {[%emt 0:00:04]} Ra3+ {[%emt 0:00:05]}
40. Ke4 {[%emt 0:00:03]} Ra4 { [%emt 0:00:02]} 0-1

[Event "DSJ Weihnachtsturnier U16: Steinitz 2020"]
[Site ""]
[Date "2020.12.28"]
[Round "6"]
[White "Bildat, Emilia"]
[Black "Sohr, Jim"]
[Result "1/2-1/2"]
[Termination "normal"]
[Board "4.3"]
[WhiteElo "1852"]
[BlackElo "1726"]
[WhiteTeam "SV Werder Bremen"]
[BlackTeam "SV Königsjäger Süd-West"]
[PlyCount "87"]
[WhiteFideId "16218140"]
[BlackFideId "16245105"]
[EventRounds "7"]
[EventType "team-swiss"]
[EventDate "2020.12.28"]

1. c4 {[%emt 0:00:03]} e5 {[%emt 0:00:58]} 2. g3 {[%emt 0:00:07]} Nf6 {[%emt
0:00:08]} 3. Bg2 {[%emt 0:00:01]} Nc6 {[%emt 0:00:04]} 4. Nc3 {[%emt 0:00:01]}
Bc5 {[%emt 0:00:06]} 5. a3 {[%emt 0:00:03]} a5 {[%emt 0:00:06]} 6. e3 {[%emt
0:00:03]} O-O {[%emt 0:00:04]} 7. Nge2 {[%emt 0:00:02]} Re8 {[%emt 0:00:15]} 8.
d4 {[%emt 0:00:08]} exd4 {[%emt 0:00:07]} 9. exd4 {[%emt 0:00:00]} Nxd4 { [%emt
0:00:03]} 10. O-O {[%emt 0:00:20]} Nxe2+ {[%emt 0:00:12]} 11. Nxe2 { [%emt
0:00:00]} d6 {[%emt 0:00:16]} 12. Nd4 {[%emt 0:00:16]} c6 {[%emt 0:00:49] } 13.
Bf4 {[%emt 0:01:14]} d5 {[%emt 0:00:55]} 14. Nb3 {[%emt 0:00:22]} Bb6 { [%emt
0:00:18]} 15. cxd5 {[%emt 0:01:00]} Nxd5 {[%emt 0:00:03]} 16. Bxd5 { [%emt
0:00:04]} Qxd5 {[%emt 0:00:08]} 17. Qxd5 {[%emt 0:00:06]} cxd5 {[%emt 0:00:00]}
18. Rad1 {[%emt 0:00:04]} Be6 {[%emt 0:00:04]} 19. Nd4 {[%emt 0:00:12]} Bxd4
{[%emt 0:00:34]} 20. Rxd4 {[%emt 0:00:05]} Rec8 {[%emt 0:00:08]} 21. Rc1 {
[%emt 0:00:18] Werder2-003 offers a draw} Rxc1+ {[%emt 0:00:07]} 22. Bxc1 {
[%emt 0:00:00]} Rc8 {[%emt 0:00:03]} 23. Bd2 {[%emt 0:00:05]} b6 {[%emt
0:00:12]} 24. Bc3 {[%emt 0:00:02]} Kf8 {[%emt 0:00:04]} 25. Rd1 {[%emt
0:00:13]} Ke7 {[%emt 0:00:03]} 26. Bxg7 {[%emt 0:00:08]} f6 {[%emt 0:00:08]}
27. Rd2 { [%emt 0:00:25]} Bh3 {[%emt 0:00:39]} 28. f3 {[%emt 0:00:46]} Rc1+
{[%emt 0:00:59]} 29. Kf2 {[%emt 0:00:05]} Bf5 {[%emt 0:00:32]} 30. Bh6 {[%emt
0:00:25]} Rc2 {[%emt 0:00:14]} 31. Rxc2 {[%emt 0:00:02]} Bxc2 {[%emt 0:00:00]}
32. Ke3 { [%emt 0:00:02]} Ke6 {[%emt 0:00:12]} 33. Kd4 {[%emt 0:00:05]} a4
{[%emt 0:00:09]} 34. Bd2 {[%emt 0:00:46]} b5 {[%emt 0:00:14]} 35. h4 {[%emt
0:00:34]} Bd1 { [%emt 0:00:08]} 36. f4 {[%emt 0:00:02]} Be2 {[%emt 0:00:05]}
37. Ke3 {[%emt 0:00:07]} Bc4 {[%emt 0:00:05]} 38. Bc3 {[%emt 0:00:08]} Kf5
{[%emt 0:00:17]} 39. Bd4 {[%emt 0:00:19]} Kg6 {[%emt 0:00:16]} 40. Kf3 {[%emt
0:00:37]} f5 {[%emt 0:00:04]} 41. Kf2 {[%emt 0:00:02]} Kh5 {[%emt 0:00:06]} 42.
Bg7 {[%emt 0:00:03] Werder2-003 offers a draw} Kg4 {[%emt 0:00:13]} 43. Bd4
{[%emt 0:00:01]} Kh5 { [%emt 0:00:04]} 44. Bg7 {[%emt 0:00:01] Sued-W1003
offers a draw} 1/2-1/2

[Event "DSJ Weihnachtsturnier U16: Steinitz 2020"]
[Site ""]
[Date "2020.12.28"]
[Round "6"]
[White "Schön, Florian"]
[Black "Gold, Jan Christian"]
[Result "0-1"]
[Termination "normal"]
[Board "5.1"]
[WhiteElo "1642"]
[BlackElo "1638"]
[WhiteTeam "VfB Schach Leipzig"]
[BlackTeam "SK Bad Homburg 1927"]
[PlyCount "124"]
[WhiteFideId "16259394"]
[BlackFideId "16298128"]
[EventRounds "7"]
[EventType "team-swiss"]
[EventDate "2020.12.28"]

1. e4 {[%emt 0:00:08]} e6 {[%emt 0:00:05]} 2. d4 {[%emt 0:00:11]} d5 {[%emt
0:00:00]} 3. Nc3 {[%emt 0:00:03]} Bb4 {[%emt 0:00:02]} 4. e5 {[%emt 0:00:04]}
b6 {[%emt 0:00:26]} 5. f4 {[%emt 0:00:08]} Ne7 {[%emt 0:00:09]} 6. Bd3 {[%emt
0:00:03]} Ba6 {[%emt 0:00:13]} 7. Bxa6 {[%emt 0:00:13]} Nxa6 {[%emt 0:00:00]}
8. Qg4 {[%emt 0:00:02]} O-O {[%emt 0:00:04]} 9. Nf3 {[%emt 0:00:03]} Qd7 {[%emt
0:00:09]} 10. O-O {[%emt 0:00:03]} Bxc3 {[%emt 0:00:01]} 11. bxc3 {[%emt
0:00:02] } Qa4 {[%emt 0:00:01]} 12. Rf2 {[%emt 0:00:11]} c5 {[%emt 0:00:32]}
13. Be3 { [%emt 0:00:12]} Qa3 {[%emt 0:00:24]} 14. Bd2 {[%emt 0:00:54]} Qb2
{[%emt 0:00:04]} 15. Rff1 {[%emt 0:00:08]} Qxc2 {[%emt 0:00:08]} 16. Rfc1
{[%emt 0:00:10]} Qg6 {[%emt 0:00:22]} 17. Qh3 {[%emt 0:00:10]} Nf5 {[%emt
0:00:30]} 18. g4 { [%emt 0:00:12]} Nh6 {[%emt 0:00:07]} 19. g5 {[%emt 0:00:27]}
Nf5 {[%emt 0:00:08]} 20. a4 {[%emt 0:00:07]} cxd4 {[%emt 0:00:31]} 21. cxd4
{[%emt 0:00:03]} Rac8 {[%emt 0:00:04]} 22. Kh1 {[%emt 0:00:28]} Rc4 {[%emt
0:00:14]} 23. Rxc4 { [%emt 0:00:04]} dxc4 {[%emt 0:00:00]} 24. Rg1 {[%emt
0:00:12]} Rc8 {[%emt 0:00:31]} 25. Bc3 {[%emt 0:00:03]} Nc7 {[%emt 0:00:17]}
26. Qg4 {[%emt 0:00:05]} Nd5 {[%emt 0:00:35]} 27. h4 {[%emt 0:00:04]} h5 {[%emt
0:00:19]} 28. Qh3 {[%emt 0:00:43]} Nxc3 {[%emt 0:00:08]} 29. Nd2 {[%emt
0:00:24]} Nd5 {[%emt 0:00:08]} 30. Ne4 {[%emt 0:00:02]} Nxf4 {[%emt 0:00:12]}
31. Qf3 {[%emt 0:00:17]} Nd3 { [%emt 0:00:19]} 32. Nf6+ {[%emt 0:00:55]} Kh8
{[%emt 0:00:17]} 33. Qb7 { [%emt 0:00:09]} Nf2+ {[%emt 0:00:48]} 34. Kg2 {[%emt
0:00:20]} Nxh4+ {[%emt 0:00:03]} 35. Kxf2 {[%emt 0:00:03]} Qc2+ {[%emt
0:00:03]} 36. Kf1 {[%emt 0:00:32] } Qb1+ {[%emt 0:00:25]} 37. Kf2 {[%emt
0:00:04]} Qf5+ {[%emt 0:00:20]} 38. Kg3 {[%emt 0:00:26]} Qf3+ {[%emt 0:00:57]}
39. Kxh4 {[%emt 0:00:41]} Qxb7 {[%emt 0:00:04]} 40. Nxh5 {[%emt 0:00:13]} Qe4+
{[%emt 0:00:06]} 41. Rg4 {[%emt 0:00:03] } Qxg4+ {[%emt 0:00:25]} 42. Kxg4
{[%emt 0:00:02]} c3 {[%emt 0:00:00]} 43. Ng3 {[%emt 0:00:07]} c2 {[%emt
0:00:00]} 44. Ne2 {[%emt 0:00:02]} c1=Q {[%emt 0:00:01]} 45. Nxc1 {[%emt
0:00:02]} Rxc1 {[%emt 0:00:00]} 46. Kf4 {[%emt 0:00:02]} Ra1 {[%emt 0:00:01]}
47. Ke4 {[%emt 0:00:02]} Rxa4 {[%emt 0:00:01]} 48. Kd3 { [%emt 0:00:02]} b5
{[%emt 0:00:02]} 49. Kc3 {[%emt 0:00:02]} a5 {[%emt 0:00:03] } 50. Kd3 {[%emt
0:00:05]} Ra3+ {[%emt 0:00:02]} 51. Kc2 {[%emt 0:00:03]} b4 { [%emt 0:00:00]}
52. Kb2 {[%emt 0:00:02]} Rg3 {[%emt 0:00:01]} 53. Kc2 {[%emt 0:00:02]} Rxg5
{[%emt 0:00:01]} 54. Kb3 {[%emt 0:00:02]} Rg4 {[%emt 0:00:00]} 55. Kc4 {[%emt
0:00:02]} a4 {[%emt 0:00:03]} 56. Kxb4 {[%emt 0:00:01]} Rxd4+ { [%emt 0:00:00]}
57. Ka3 {[%emt 0:00:02]} Re4 {[%emt 0:00:00]} 58. Kb2 {[%emt 0:00:03]} Rxe5
{[%emt 0:00:00]} 59. Ka3 {[%emt 0:00:01]} Rd5 {[%emt 0:00:00]} 60. Kxa4 {[%emt
0:00:01]} g5 {[%emt 0:00:00]} 61. Kb4 {[%emt 0:00:02]} g4 {[%emt 0:00:00]} 62.
Kc4 {[%emt 0:00:01]} g3 {[%emt 0:00:00]} 0-1

[Event "DSJ Weihnachtsturnier U16: Steinitz 2020"]
[Site ""]
[Date "2020.12.28"]
[Round "6"]
[White "Goetz, Fenja"]
[Black "Vecera, Fabio"]
[Result "0-1"]
[Termination "normal"]
[Board "5.2"]
[WhiteElo "1626"]
[BlackElo "1527"]
[WhiteTeam "SK Bad Homburg 1927"]
[BlackTeam "VfB Schach Leipzig"]
[PlyCount "20"]
[WhiteFideId "16250516"]
[BlackFideId "16281705"]
[EventRounds "7"]
[EventType "team-swiss"]
[EventDate "2020.12.28"]

1. e4 {[%emt 0:00:04]} Nf6 {[%emt 0:00:08]} 2. e5 {[%emt 0:00:08]} Nd5 { [%emt
0:00:03]} 3. d4 {[%emt 0:00:03]} d6 {[%emt 0:00:03]} 4. Bc4 {[%emt 0:00:19]}
Nb6 {[%emt 0:00:03]} 5. Bb3 {[%emt 0:00:05]} dxe5 {[%emt 0:00:02]} 6. Qf3
{[%emt 0:00:30]} e6 {[%emt 0:00:07]} 7. dxe5 {[%emt 0:00:23]} Be7 {[%emt
0:00:12]} 8. Ne2 {[%emt 0:00:11]} O-O {[%emt 0:00:02]} 9. O-O {[%emt 0:00:02]}
Nc6 { [%emt 0:00:07]} 10. Qe4 {[%emt 0:00:22]} Nd7 {[%emt 0:00:11] Zeit} 0-1